Feminist studies (Record no. 38192)

MARC details
000 -LEADER
fixed length control field 00462nam a2200157Ia 4500
022 ## - INTERNATIONAL STANDARD SERIAL NUMBER
ISSN 00463663
050 ## - CALL MARK
Classification number HQ 1101 .F46/
245 #0 - TITLE STATEMENT
Title Feminist studies
260 ## - PUBLICATION, DISTRIBUTION, ETC. (IMPRINT)
Name of publisher Women’s Studies Department at the University of Maryland. Feminism studies, Inc.
260 ## - PUBLICATION, DISTRIBUTION, ETC. (IMPRINT)
Year of publication 2010
300 ## - PHYSICAL DESCRIPTION
Number of Pages 243 p. ; 23 cm.
650 ## - SUBJECT ADDED ENTRY--TOPICAL TERM
Topical Term Feminism- social science--periodicals
942 ## - ADDED ENTRY ELEMENTS (KOHA)
Koha item type Serials

No items available.